000 00544nam a22002177a 4500
003 UA-OsUOA
001 36880
007 ta
008 20060216b un ||||| |||| 00| 0 ukr d
100 _aТрохим Н.
090 _a821
_bТ11
942 _cSA
040 _aUA-OsUOA
_bukr
_cUA-OsUOA
_dUA-OsUOA
245 _aЗнову сніг на порозі/Поезія
300 _aС.15-22
955 _a0
041 _aukr
080 _a821
773 0 _w36876
650 7 _a82 Література. Літературознавство
_2UDC
999 _c323113
_d323113